| 000 | 01218cam a22002054a 4500 | ||
|---|---|---|---|
| 005 | 20250605164138.0 | ||
| 008 | 250528s ||||||||||||||||||||||||d | ||
| 035 | _a18847 | ||
| 020 | _a415080592 | ||
| 040 |
_aGR-AtMCL _bgre _dGR-AtMCL _eAACR2 |
||
| 245 | 1 | _aChannels of Discourse, Reassembled / Television and Contemporary critisism Second Edition | |
| 250 | _a2nd | ||
| 260 |
_bRouledge, _c1993 |
||
| 300 | _a424 | ||
| 520 | _aThe most comprehensive consideration of commercial television, drawing on insights provided by contemporary criticism: Semiotics, Narrative Theory, Reception Theory, Genre Theory, Ideological Analysis, Psychoanalysis, Feminist Criticism, and British Cultural Studies. Introduction to the Second Edition, Semiotics and Structuralism and Television, Narrative theory and Television, Audience-Oriented Criticism and Television, Genre Study and Television, Ideological Analysis and Television, Feminist Criticism and Television, British Cultural Studies and Television, Postmodernism and Television, Afterword, Television Criticism: A Selective Bibliography, Notes on the Contributors, Index. | ||
| 700 | 1 |
_aAlle Robert C. _95115 |
|
| 942 | _cBK | ||
| 999 |
_c4157 _d4157 |
||